Využitie a implementácia metódy Balanced scorecard v cestovnom ruchu

Možnosti využitia metódy Balanced scorecard v hoteloch. Perspektívy Blanced scorecard v hoteli. Možnosti využitia metódy Balanced scorecard v cieľových miestach cestovného ruchu. Implementácia metódy BSC v organizáciách cestovného ruchu.

Gespeichert in:
Bibliographische Detailangaben
1. Verfasser: Knižka, Miroslav
Weitere Verfasser: Gajdošík, Tomáš
Format: Buchkapitel
Sprache:Slowakisch
Schlagworte:
Tags: Tag hinzufügen
Keine Tags, Fügen Sie das erste Tag hinzu!

MARC

LEADER 00000naa a2200000 4500
001 0211082
005 20231016074939.2
041 0 |a slo 
044 |a SK 
245 1 0 |a Využitie a implementácia metódy Balanced scorecard v cestovnom ruchu  |c Miroslav Knižka, Tomáš Gajdošík 
520 |a Možnosti využitia metódy Balanced scorecard v hoteloch. Perspektívy Blanced scorecard v hoteli. Možnosti využitia metódy Balanced scorecard v cieľových miestach cestovného ruchu. Implementácia metódy BSC v organizáciách cestovného ruchu. 
610 2 0 |a ruch cestovný 
610 2 0 |a hotely 
610 2 0 |a organizácie 
610 2 0 |a riadenie strategické 
610 2 0 |a metódy riadenia 
610 2 0 |a metóda BSC 
610 2 0 |a výkonnosť 
100 1 |a Knižka, Miroslav 
700 1 |a Gajdošík, Tomáš